NHL Playoff Teams 2022-2023 - Statistics

General Stats
  • This quiz has been taken 141 times
  • The average score is 15 of 16
Answer Stats
Hint Answer % Correct
1 Atlantic Boston Bruins
99%
1 Metropolitan Carolina Hurricanes
99%
2 Atlantic Toronto Maple Leafs
99%
3 Metropolitan New York Rangers
98%
2 Central Dallas Stars
97%
2 East Wildcard Florida Panthers
97%
3 Pacific Los Angeles Kings
97%
3 Atlantic Tampa Bay Lightning
97%
1 Pacific Vegas Golden Knights
97%
1 Central Colorado Avalanche
96%
2 Pacific Edmonton Oilers
96%
1 East Wildcard New York Islanders
95%
2 Metropolitan New Jersey Devils
94%
3 Central Minnesota Wild
91%
1 West Wildcard Seattle Kraken
90%
2 West Wildcard Winnipeg Jets
90%
No matching quizzes found
Score Distribution
Percent of People with Each Score
Percentile by Number Answered
Your Score History
You have not taken this quiz